Normal view
MARC view
Entry Término temático
001 - NÚMERO DE CONTROL
- campo de control: 7835
003 - IDENTIFICADOR DEL NÚMERO DE CONTROL
- campo de control: OSt
005 - FECHA Y HORA DE LA ÚLTIMA TRANSACCIÓN
- campo de control: 20200615032206.0
008 - DATOS DE LONGITUD FIJA
- campo de control de longitud fija: 200615|| aca||aabn | a|a d
040 ## - FUENTE DE LA CATALOGACIÓN
- Centro catalogador/agencia de origen: OSt
- Centro/agencia transcriptor: OSt
150 ## - ENCABEZAMIENTO--TÉRMINO DE MATERIA
- Término de materia o nombre geográfico como elemento de entrada: FINANZAS
- Subdivisión general: LEGISLACIÓN
- Subdivisión geográfica: REPÚBLICA DOMINICANA
670 ## - FUENTE DE DATOS ENCONTRADOS
- Cita de la fuente: Work cat.: (OSt)2325: República Dominicana 447, Compilación de las disposiciones legales dictadas sobre la moneda metálica en la República Dominicana con anterioridad a la Ley Monetaria No. 1528, de fecha 6 de octubre de 1947., 1955.
